[Event "GER Seniors Derby 09th"]
[Site "Wesel Undeloh"]
[Date "2010.04.11"]
[Round "7.8"]
[White "Wetjen, Andreas"]
[Black "Becker, Reinhardt"]
[Result "1-0"]
[WhiteElo "1925"]
[BlackElo "1725"]
[PlyCount "71"]
[EventDate "2010.04.08"]
[EventType "swiss"]
[EventRounds "7"]
[EventCountry "GER"]
[SourceTitle "EXT 2022"]
[Source "ChessBase"]
[SourceDate "2021.10.06"]
[SourceVersion "1"]
[SourceVersionDate "2021.10.06"]
[SourceQuality "1"]

1. e4 c5 2. Nc3 d6 3. g3 Nc6 4. Bg2 Nf6 5. d3 e6 6. Nge2 Be7 7. 0-0 0-0 8. h3 Rb8 9. Be3 d5 10. exd5 Nxd5 11. Nxd5 exd5 12. d4 c4 13. Nf4 Bg5 14. Nxd5 Bxe3 15. Nxe3 Nxd4 16. c3 Nf5 17. Nxc4 Qg5 18. Qd2 Qf6 19. Qf4 Be6 20. Ne3 g5 21. Qf3 Qg6 22. Nxf5 Bxf5 23. Rfe1 Rbd8 24. Re5 Be6 25. Qe3 h6 26. Be4 Qf6 27. g4 Kg7 28. Bc2 Rd6 29. b3 Rfd8 30. Re1 Rd2 31. Re2 Rxc2 32. Rxc2 Rd1+ 33. Kh2 Bd5 34. f3 Qd6 35. Kg2 Rd3 36. Qxd3 1-0